Best Players to Ever Wear a Knicks Jersey - Statistics

General Stats
  • This quiz has been taken 15 times
  • The average score is 9 of 25
Answer Stats
Hint Answer % Correct
22. Jalen Brunson
100%
2. Patrick Ewing
100%
8. Carmelo Anthony
93%
14. Karl-Anthony Towns
73%
6. Walt Frazier
73%
4. Willis Reed
67%
11. Bernard King
60%
12. Amar'e Stoudemire
53%
23. Julius Randle
53%
1. Jason Kidd
47%
15. Dave DeBusschere
40%
10. Derrick Rose
27%
9. Tracy McGrady
27%
3. Bob McAdoo
20%
20. Tyson Chandler
20%
21. Joakim Noah
7%
17. Spencer Haywood
7%
7. Chauncey Billups
0%
5. Dikimbe Mutumbo
0%
18. Glen Rice
0%
13. Jerry Lucas
0%
19. Maurice Lucas
0%
16. Penny Hardaway
0%
24. Walt Bellamy
0%
25. Zach Randolph
0%
No matching quizzes found
Score Distribution
Percent of People with Each Score
Percentile by Number Answered
Your Score History
You have not taken this quiz